[Event "Regionalliga NO 0405"]
[Site "Bayern"]
[Date "2005.04.10"]
[Round "9.8"]
[White "Wittmann, Guenter"]
[Black "Kappl, Peter"]
[Result "0-1"]
[WhiteElo "1920"]
[BlackElo "1901"]
[PlyCount "82"]
[EventDate "2004.10.24"]
[EventType "team-tourn"]
[EventRounds "9"]
[EventCountry "GER"]
[SourceTitle "EXT 2007"]
[Source "ChessBase"]
[SourceDate "2006.11.23"]
[SourceVersion "1"]
[SourceVersionDate "2006.11.23"]
[SourceQuality "1"]
[WhiteTeam "Regensburg Eulenspiegel"]
[BlackTeam "Karethein"]
[WhiteTeamCountry "GER"]
[BlackTeamCountry "GER"]

1. c4 e5 2. Nc3 Nf6 3. g3 Nc6 4. Bg2 d6 5. e3 Be7 6. Nge2 0-0 7. 0-0 Be6 8. Nd5 Qd7 9. Nxe7+ Nxe7 10. Bxb7 Rab8 11. Bg2 Bxc4 12. d3 Ba6 13. d4 e4 14. Re1 Ned5 15. Nc3 Rfe8 16. Nxd5 Nxd5 17. a3 Bd3 18. Bf1 Bxf1 19. Rxf1 Qb5 20. Qc2 Qb3 21. Qxb3 Rxb3 22. Rd1 Nb6 23. Rd2 Nc4 24. Rc2 d5 25. Kf1 Reb8 26. Ra2 R8b7 27. Ke1 f6 28. Rc3 Rxc3 29. bxc3 Rb3 30. Rc2 Nxa3 31. Ra2 Nb5 32. Bd2 Ra3 33. Rc2 Nd6 34. Rb2 Kf7 35. Kd1 a5 36. Bc1 Rxc3 37. Ra2 Nc4 38. Bd2 Rd3 39. Kc1 Nxd2 40. Rxd2 Rxd2 41. Kxd2 Ke6 0-1

[Event "Regionalliga NO 0405"]
[Site "Bayern"]
[Date "2005.01.30"]
[Round "6.8"]
[White "Gassner, Michael"]
[Black "Wittmann, Guenter"]
[Result "1-0"]
[WhiteElo "1826"]
[BlackElo "1920"]
[PlyCount "127"]
[EventDate "2004.10.24"]
[EventType "team-tourn"]
[EventRounds "9"]
[EventCountry "GER"]
[SourceTitle "EXT 2007"]
[Source "ChessBase"]
[SourceDate "2006.11.23"]
[SourceVersion "1"]
[SourceVersionDate "2006.11.23"]
[SourceQuality "1"]
[WhiteTeam "Sinzing"]
[BlackTeam "Regensburg Eulenspiegel"]
[WhiteTeamCountry "GER"]
[BlackTeamCountry "GER"]

1. d4 e6 2. Nf3 Nf6 3. Bg5 Be7 4. Nbd2 b6 5. e3 Bb7 6. Bd3 d6 7. 0-0 Nbd7 8. c4 c5 9. Rc1 h6 10. Bh4 0-0 11. Qe2 d5 12. Rfd1 cxd4 13. Nxd4 Nc5 14. Bb1 dxc4 15. Nxc4 Nd5 16. Bxe7 Qxe7 17. Ne5 Qf6 18. Ndf3 Rfd8 19. Ng4 Qe7 20. Qc2 f5 21. Nge5 Rac8 22. Nd4 Qf6 23. Ndf3 Nb4 24. Qe2 Ba6 25. Qe1 Ncd3 26. Nxd3 Nxd3 27. Rxc8 Nxe1 28. Rcxd8+ Kh7 29. Nxe1 Qxb2 30. R8d2 Qb5 31. Bd3 Qa5 32. Bxa6 Qxa6 33. h3 Qc4 34. Nf3 f4 35. exf4 Qxf4 36. Re1 Qc4 37. Rde2 b5 38. a3 Qb3 39. Re3 Qa2 40. R1e2 Qb1+ 41. Re1 Qb2 42. Rd1 a5 43. Rd6 b4 44. axb4 axb4 45. Rdxe6 b3 46. Re1 Qc3 47. Rb1 b2 48. Ree1 g5 49. Red1 Kg6 50. Ne1 h5 51. Nd3 g4 52. hxg4 hxg4 53. Rxb2 g3 54. fxg3 Qd4+ 55. Rf2 Qe3 56. Nf4+ Kg5 57. Rd3 Qe4 58. Nh3+ Kh5 59. Kh2 Qe1 60. Rdf3 Kg4 61. Rf4+ Kh5 62. Rf5+ Kg6 63. Rg5+ Kh6 64. Rf4 1-0

[Event "Regionalliga NO 0405"]
[Site "Bayern"]
[Date "2005.01.16"]
[Round "5.8"]
[White "Wittmann, Guenter"]
[Black "Reuter, Roland"]
[Result "1/2-1/2"]
[WhiteElo "1920"]
[BlackElo "1866"]
[PlyCount "32"]
[EventDate "2004.10.24"]
[EventType "team-tourn"]
[EventRounds "9"]
[EventCountry "GER"]
[SourceTitle "EXT 2007"]
[Source "ChessBase"]
[SourceDate "2006.11.23"]
[SourceVersion "1"]
[SourceVersionDate "2006.11.23"]
[SourceQuality "1"]
[WhiteTeam "Regensburg Eulenspiegel"]
[BlackTeam "Schwabach"]
[WhiteTeamCountry "GER"]
[BlackTeamCountry "GER"]

1. c4 e5 2. Nc3 Nf6 3. g3 Nc6 4. Bg2 Bc5 5. e3 d6 6. Nge2 0-0 7. a3 a5 8. 0-0 Bf5 9. d4 Ba7 10. d5 Ne7 11. e4 Bd7 12. h3 h6 13. Kh2 Nh7 14. f4 f5 15. Qd3 Ng6 16. Be3 exf4 1/2-1/2

[Event "Regionalliga NO 0304"]
[Site "Bayern"]
[Date "2003.12.14"]
[Round "4.7"]
[White "Wittmann, Guenter"]
[Black "Frei, Andreas"]
[Result "0-1"]
[WhiteElo "1968"]
[BlackElo "1992"]
[PlyCount "64"]
[EventDate "2003.10.??"]
[EventType "team-tourn"]
[EventRounds "9"]
[EventCountry "GER"]
[SourceTitle "EXT 2006"]
[Source "ChessBase"]
[SourceDate "2005.11.24"]
[SourceVersion "1"]
[SourceVersionDate "2005.11.24"]
[SourceQuality "1"]
[WhiteTeam "Regensburg Eulenspiegel"]
[BlackTeam "Regensburg Fortuna III"]
[WhiteTeamCountry "GER"]
[BlackTeamCountry "GER"]

1. c4 e5 2. Nc3 Nf6 3. g3 Nc6 4. Bg2 d6 5. Nf3 Be7 6. 0-0 0-0 7. d4 Bg4 8. d5 Nb8 9. e4 Qc8 10. Qb3 Na6 11. Be3 Nd7 12. Nd2 Nac5 13. Qc2 a5 14. f3 Bh5 15. Bh3 Qd8 16. b3 Bg5 17. Bf2 Bg6 18. Rad1 h5 19. Bf5 Bxf5 20. exf5 g6 21. fxg6 f5 22. f4 exf4 23. Nf3 fxg3 24. hxg3 Qf6 25. Rd4 Rae8 26. Nxg5 Qxg5 27. Rf4 Ne5 28. Bxc5 dxc5 29. Kg2 Ng4 30. Nd1 Re5 31. Qd3 h4 32. gxh4 Ne3+ 0-1

[Event "Regionalliga NO 0304"]
[Site "Bayern"]
[Date "2003.11.23"]
[Round "3.7"]
[White "Roeber, Juergen"]
[Black "Wittmann, Guenter"]
[Result "1-0"]
[WhiteElo "1861"]
[BlackElo "1968"]
[PlyCount "77"]
[EventDate "2003.10.??"]
[EventType "team-tourn"]
[EventRounds "9"]
[EventCountry "GER"]
[SourceTitle "EXT 2006"]
[Source "ChessBase"]
[SourceDate "2005.11.24"]
[SourceVersion "1"]
[SourceVersionDate "2005.11.24"]
[SourceQuality "1"]
[WhiteTeam "Postbauer Heng"]
[BlackTeam "Regensburg Eulenspiegel"]
[WhiteTeamCountry "GER"]
[BlackTeamCountry "GER"]

1. e4 e6 2. d4 d5 3. exd5 exd5 4. Bd3 Nc6 5. c3 Bd6 6. Qf3 Nf6 7. h3 Qe7+ 8. Ne2 h6 9. 0-0 Be6 10. Bf4 0-0-0 11. Bxd6 Qxd6 12. Nd2 Nd7 13. b4 g5 14. a4 h5 15. Qg3 Qe7 16. a5 f5 17. b5 Ncb8 18. Rfb1 f4 19. Qh2 Rdf8 20. h4 Bg4 21. Re1 Qf6 22. Nf3 Bxf3 23. gxf3 g4 24. Kf1 Rhg8 25. Ng1 g3 26. Qh3 gxf2 27. Kxf2 Rg3 28. Qh2 c5 29. bxc6 Nxc6 30. Ne2 Rg7 31. Rg1 Rgf7 32. a6 b6 33. Rg6 Qe7 34. Rxc6+ Kb8 35. Rd1 Qe3+ 36. Kf1 Qxf3+ 37. Qf2 Qh1+ 38. Ng1 Rg7 39. Rg6 1-0

[Event "Regionalliga NO 0203"]
[Site "Bayern"]
[Date "2003.03.09"]
[Round "8.7"]
[White "Firla, Erwin"]
[Black "Wittmann, Guenter"]
[Result "0-1"]
[WhiteElo "1981"]
[BlackElo "1964"]
[PlyCount "78"]
[EventDate "2002.10.20"]
[EventType "team-tourn"]
[EventRounds "9"]
[EventCountry "GER"]
[SourceTitle "EXT 2004"]
[Source "ChessBase"]
[SourceDate "2003.11.25"]
[SourceVersion "1"]
[SourceVersionDate "2003.11.25"]
[SourceQuality "1"]
[WhiteTeam "Postbauer Heng"]
[BlackTeam "Regensburg Eulenspiegel"]
[WhiteTeamCountry "GER"]
[BlackTeamCountry "GER"]

1. e4 e6 2. d4 d5 3. exd5 exd5 4. Nf3 Bf5 5. Bd3 Bxd3 6. Qxd3 c6 7. 0-0 Be7 8. Re1 Nf6 9. Qe2 Nbd7 10. Bf4 Nf8 11. Ne5 Ne6 12. Bg3 Nxd4 13. Qd3 Ne6 14. Qe2 Ne4 15. Nc3 Nxg3 16. hxg3 Qd6 17. Rad1 0-0 18. a3 Bf6 19. Nxf7 Kxf7 20. Ne4 Qe5 21. f4 Qxe4 22. Qg4 Bd4+ 23. Kf1 Be3 24. Rxe3 Qxe3 25. Re1 Qxe1+ 26. Kxe1 Rfe8 27. Kd2 Nc5 28. b4 Ne4+ 29. Kc1 Re7 30. Kb2 Kg8 31. Qh4 Rae8 32. g4 Nd6 33. f5 Nc4+ 34. Ka2 Re2 35. Qg3 R2e3 36. Qh4 Rxa3+ 37. Kb1 Rae3 38. f6 Re1+ 39. Ka2 R8e3 0-1

[Event "Regionalliga NO 0203"]
[Site "Bayern"]
[Date "2002.11.17"]
[Round "2.6"]
[White "Wittmann, Guenter"]
[Black "Rossbach, Knut"]
[Result "0-1"]
[WhiteElo "1964"]
[BlackElo "2054"]
[PlyCount "86"]
[EventDate "2002.10.20"]
[EventType "team-tourn"]
[EventRounds "9"]
[EventCountry "GER"]
[SourceTitle "EXT 2004"]
[Source "ChessBase"]
[SourceDate "2003.11.25"]
[SourceVersion "1"]
[SourceVersionDate "2003.11.25"]
[SourceQuality "1"]
[WhiteTeam "Regensburg Eulenspiegel"]
[BlackTeam "Zirndorf II"]
[WhiteTeamCountry "GER"]
[BlackTeamCountry "GER"]

1. c4 e6 2. Nc3 d5 3. d4 c6 4. Bf4 dxc4 5. e4 b5 6. a4 Bb4 7. axb5 cxb5 8. Qh5 a6 9. Nf3 Nf6 10. Qg5 Nxe4 11. Qxg7 Qf6 12. Qxf6 Nxf6 13. Be5 Nbd7 14. Be2 Nxe5 15. Nxe5 Bb7 16. 0-0 Rg8 17. Bf3 Bxf3 18. Nxf3 Ke7 19. Ne5 Bxc3 20. bxc3 Nd5 21. Ra3 f6 22. Nf3 a5 23. Rfa1 Rgc8 24. Nd2 f5 25. Nf3 Rc7 26. Re1 b4 27. cxb4 Nxb4 28. d5 Nxd5 29. Nd4 Ra6 30. Nxf5+ Kf6 31. Nd4 c3 32. Rc1 Ke5 33. Nb5 Rc5 34. Nxc3 Nxc3 35. Rcxc3 Rxc3 36. Rxc3 Kd4 37. Ra3 a4 38. Kf1 Kc4 39. Ke2 Kb4 40. Rd3 a3 41. Rd4+ Kc3 42. Rd3+ Kc4 43. Rd1 a2 0-1

[Event "Regionalliga NO 0102"]
[Site "Bayern"]
[Date "2001.11.25"]
[Round "3.7"]
[White "Konsek, Peter"]
[Black "Wittmann, Guenter"]
[Result "1/2-1/2"]
[WhiteElo "1970"]
[BlackElo "1935"]
[PlyCount "58"]
[EventDate "2001.10.07"]
[EventType "team-tourn"]
[EventRounds "9"]
[EventCountry "GER"]
[SourceTitle "EXT 2003"]
[Source "ChessBase"]
[SourceDate "2002.11.25"]
[SourceVersion "1"]
[SourceVersionDate "2002.11.25"]
[SourceQuality "1"]
[WhiteTeam "Nuernberg Sued SW"]
[BlackTeam "Regensburg Eulenspiegel"]
[WhiteTeamCountry "GER"]
[BlackTeamCountry "GER"]

1. Nf3 Nf6 2. g3 c5 3. Bg2 Nc6 4. 0-0 g6 5. d3 d5 6. Nbd2 Bg7 7. e4 dxe4 8. dxe4 0-0 9. c3 Bg4 10. h3 Be6 11. Ng5 Bd7 12. f4 e5 13. Nc4 exf4 14. e5 Nh5 15. gxf4 h6 16. Ne4 Bf5 17. Qxd8 Nxd8 18. Ncd6 Bxe4 19. Nxe4 f6 20. Nxc5 fxe5 21. fxe5 Rxf1+ 22. Kxf1 Bxe5 23. Bxh6 Nf7 24. Re1 Bg3 25. Re6 Nxh6 26. Rxg6+ Kh7 27. Be4 Rf8+ 28. Rf6+ Kg7 29. Rxf8 Kxf8 1/2-1/2

[Event "Regionalliga NO 9495"]
[Site "Bayern"]
[Date "1995.??.??"]
[Round "?.8"]
[White "Luther, Helmut"]
[Black "Wittmann, Guenter"]
[Result "1-0"]
[WhiteElo "1825"]
[BlackElo "1885"]
[PlyCount "81"]
[EventDate "1994.10.??"]
[EventType "team-tourn"]
[EventRounds "9"]
[EventCountry "GER"]
[SourceTitle "EXT 1999"]
[Source "ChessBase"]
[SourceDate "1998.11.16"]
[SourceVersion "1"]
[SourceVersionDate "1998.11.16"]
[SourceQuality "1"]
[WhiteTeam "Nuernberg Sued SW"]
[BlackTeam "Regensburg Fortuna II"]
[WhiteTeamCountry "GER"]
[BlackTeamCountry "GER"]

1. d4 e6 2. Nf3 f5 3. g3 Nf6 4. Bg2 Be7 5. 0-0 0-0 6. c4 c6 7. Nc3 d5 8. b3 Ne4 9. Qc2 Nd7 10. a4 a5 11. e3 Ndf6 12. Ba3 Bxa3 13. Rxa3 Qe7 14. Raa1 Bd7 15. c5 Rfc8 16. Ne5 Be8 17. Na2 b6 18. f3 Ng5 19. cxb6 Qb7 20. b4 Qxb6 21. Qc5 Qc7 22. Rfc1 Ra7 23. Rc2 Nf7 24. Nxf7 Kxf7 25. Rac1 axb4 26. Nxb4 Ra5 27. Qc3 c5 28. dxc5 Bxa4 29. Ra2 Rxc5 30. Qxc5 Qxc5 31. Rxc5 Rxc5 32. Rxa4 Rc1+ 33. Bf1 Ne8 34. Nd3 Rc3 35. Kf2 Nd6 36. Ra7+ Kf6 37. f4 Rc2+ 38. Be2 Ne4+ 39. Ke1 Nc3 40. Ne5 Rxe2+ 41. Kf1 1-0